Quiz su Tonga - Statistics

Statistiche generali
  • Questo quiz è stato fatto 375 volte
  • Il punteggio medio è 10 su 17
Statistiche sulle risposte
Hint Risposta % Corretto
Lingue ufficiali Inglese
97%
Sottoregione dell'Oceania in cui si trova Tonga {Poli}nesia
88%
La forma di governo di Tonga Monarchia costituzionale
85%
Samoa
81%
Paese che controllava gli affari esteri di Tonga, ma non ne ha mai avuto il controllo legale della sovranità tongana, 1900-1970 Regno Unito
80%
Paesi che si trovano più vicini a Tonga (escluse le dipendenze estere) Figi
78%
Capitale Nuku'alofa
75%
Sport nazionale Rugby
75%
Tongano
74%
Oggetto che appare sulla bandiera di Tonga Croce
71%
Esploratore olandese che divenne il primo europeo a visitare l'isola principale di Tonga nel 1643 Abel Tasman
50%
Stato dipendente della Nuova Zelanda che appartiene all'arcipelago delle Tonga Niue
48%
Tipo di animale, noto anche come volpe volante, sacro al capo di stato di Tonga {Pipistrello} della frutta
45%
Il 18% dei tongani segue questa religione americana, a volte descritta come una setta Mormonismo
29%
Isola principale di Tonga Tonga{tapu}
29%
Impero tongano la cui sfera di influenza si estendeva alle Hawaii nel 12 ° secolo Impero {Tu'i} Tonga.
23%
Soprannome di Tonga, così chiamata per la prima volta dal capitano James Cook Isole {amichevoli}
20%
Nessun quiz corrispondente trovato
Distribuzione punteggi
Percentuale di utenti per punteggio
Percentile per numero di risposta
I tuoi punteggi nel tempo
Non hai fatto questo quiz